La prescripción concursal a la luz de la reforma tributaria (Registro nro. 21244)
[ vista simple ]
| 000 -LEADER | |
|---|---|
| fixed length control field | 00353 a2200109 4500 |
| 001 - CONTROL NUMBER | |
| control field | ART_46727 |
| 005 - DATE AND TIME OF LATEST TRANSACTION | |
| control field | 20260410161809.0 |
| 008 - FIXED-LENGTH DATA ELEMENTS--GENERAL INFORMATION | |
| fixed length control field | 260409a |
| 100 1# - MAIN ENTRY--PERSONAL NAME | |
| Personal name | Della Picca, Pablo H. |
| 245 10 - TITLE STATEMENT | |
| Title | La prescripción concursal a la luz de la reforma tributaria |
| 773 0# - HOST ITEM ENTRY | |
| Title | Doctrina Societaria y Concursal |
| Related parts | - N°368 (jul. 2018) |
| Record control number | REV4298 |
No hay ítems disponibles.